=LDR 00000nam 2200000 4500 =001 INLIS000000000040421 =005 20130612150004 =008 ***********************************ind** =035 ##$$0010-061300000040421 =041 ##$$a ind =082 ##$$a 158.1 =090 ##$$a 158.1, Che c II.1 =100 ##$$a CHEN, Febe =245 ##$$a Campetence for success 2, Maksimalkan potensi dan menjadi profesional berkopeten perasosial dan citra diri, fabe chen =260 ##$$a 2011 $b Jakarta =300 ##$$a 104 Hlm, 20 cm =650 ##$$a SUKSES - ASPEK PSIKOLOGI =850 ##$$a NBPNMAT